000 00542nam a2200229Ia 4500
003 OSt
005 20221007082335.0
006 a|||||r|||| 00| 0
007 ta
008 221006b |||||||| |||| 00| 0 eng d
024 _a6,760
037 _cTextual
040 _aFLL
_cFLL
_beng
041 _2eng
_aeng
082 _aZ2:2:4, L3
100 _aMulla Au.
245 0 _aTransfer of property act,1882
260 _c1973
300 _a848p
_ccm.
942 _hZ2:2:4, L3
_cTEXL
_2CC
999 _c1166116
_d1166116